Νότια και Κεντρική Ασία - Κουίζ Χάρτη - Statistics

General Stats
  • This quiz has been taken 53 times
  • The average score is 10 of 13
Answers on the Map
Answers color-coded by a green-red scale on the quiz's map according to % correct below.
 
Answer Stats
Answer % Correct
Ινδία
100%
Μαλδίβες
92%
Αφγανιστάν
92%
Καζακστάν
88%
Σρι Λάνκα
85%
Νεπάλ
81%
Μπουτάν
77%
Πακιστάν
77%
Μπανγκλαντές
73%
Κιργιστάν
73%
Ουζμπεκιστάν
65%
Τατζικιστάν
58%
Τουρκμενιστάν
42%
No matching quizzes found
Score Distribution
Percent of People with Each Score
Percentile by Number Answered
Your Score History
You have not taken this quiz